<?xml version="1.0" encoding="UTF-8"?>
<record
    xmlns:xsi="http://www.w3.org/2001/XMLSchema-instance"
    xsi:schemaLocation="http://www.loc.gov/MARC21/slim http://www.loc.gov/standards/marcxml/schema/MARC21slim.xsd"
    xmlns="http://www.loc.gov/MARC21/slim">

  <leader>00848nam a2200253Ia 4500</leader>
  <controlfield tag="001">11349</controlfield>
  <controlfield tag="003">GE_BSU</controlfield>
  <controlfield tag="008">181216s||||||||xx |||||||||||||| ||und||</controlfield>
  <datafield tag="020" ind1=" " ind2=" ">
    <subfield code="a">9785969302655</subfield>
  </datafield>
  <datafield tag="040" ind1=" " ind2=" ">
    <subfield code="c">GE_BSU</subfield>
  </datafield>
  <datafield tag="080" ind1=" " ind2=" ">
    <subfield code="a">665.65(075.8)</subfield>
  </datafield>
  <datafield tag="100" ind1=" " ind2=" ">
    <subfield code="a">&#x411;&#x430;&#x440;&#x434;&#x438;&#x43A;,&#x414;&#x43E;&#x43D;&#x430;&#x43B;&#x434;.&#x41B;; &#x423;&#x438;&#x43B;&#x44C;&#x44F;&#x43C; &#x41B;.&#x41B;&#x435;&#x444;&#x444;&#x43B;&#x435;&#x440;.</subfield>
  </datafield>
  <datafield tag="245" ind1=" " ind2=" ">
    <subfield code="a">&#x41D;&#x435;&#x444;&#x442;&#x435;&#x445;&#x438;&#x43C;&#x438;&#x44F;=Petrochemicals in Non-technical Language.</subfield>
  </datafield>
  <datafield tag="245" ind1=" " ind2=" ">
    <subfield code="c">&#x41E;&#x442;&#x432;.&#x440;&#x435;&#x434;:&#x418;.&#x410;.&#x411;&#x43E;&#x433;&#x440;&#x430;&#x434;; &#x42F;.&#x41B;.&#x420;&#x443;&#x434;&#x435;&#x440;&#x43C;&#x430;&#x43D;;&#x41F;&#x435;&#x440;.&#x421;.&#x410;&#x43D;&#x433;&#x43B;.&#x417;.&#x421;&#x432;&#x438;&#x442;&#x430;&#x43D;&#x44C;&#x43A;&#x43E;.</subfield>
  </datafield>
  <datafield tag="250" ind1=" " ind2=" ">
    <subfield code="a">3-&#x435; &#x438;&#x437;&#x434;; &#x43F;&#x435;&#x440;&#x435;&#x440;&#x430;&#x431; &#x438; &#x434;&#x43E;&#x43F;.</subfield>
  </datafield>
  <datafield tag="260" ind1=" " ind2=" ">
    <subfield code="a">&#x41C;&#x43E;&#x441;&#x43A;&#x432;&#x430;.</subfield>
  </datafield>
  <datafield tag="260" ind1=" " ind2=" ">
    <subfield code="b">&#x417;&#x430;&#x43E; "&#x41E;&#x41B;&#x418;&#x41C;&#x41F;-&#x411;&#x418;&#x417;&#x41D;&#x415;&#x421;</subfield>
  </datafield>
  <datafield tag="260" ind1=" " ind2=" ">
    <subfield code="c">2014.</subfield>
  </datafield>
  <datafield tag="300" ind1=" " ind2=" ">
    <subfield code="a">496&#x441;&#x442;&#x440;;&#x438;&#x43B;&#x43B;;21&#x441;&#x43C;.</subfield>
  </datafield>
  <datafield tag="541" ind1=" " ind2=" ">
    <subfield code="h">77&#x43B;.</subfield>
  </datafield>
  <datafield tag="653" ind1=" " ind2=" ">
    <subfield code="a">&#x41D;&#x435;&#x444;&#x442;&#x435;&#x445;&#x438;&#x43C;&#x438;&#x44F;=Petrochemicals in Non-technical Language.</subfield>
  </datafield>
  <datafield tag="653" ind1=" " ind2=" ">
    <subfield code="a">&#x10E5;&#x10D8;&#x10DB;&#x10D8;&#x10D0;</subfield>
  </datafield>
  <datafield tag="942" ind1=" " ind2=" ">
    <subfield code="c">BK</subfield>
  </datafield>
  <datafield tag="999" ind1=" " ind2=" ">
    <subfield code="c">44546</subfield>
    <subfield code="d">44546</subfield>
  </datafield>
  <datafield tag="952" ind1=" " ind2=" ">
    <subfield code="0">0</subfield>
    <subfield code="1">0</subfield>
    <subfield code="4">0</subfield>
    <subfield code="7">0</subfield>
    <subfield code="9">57757</subfield>
    <subfield code="d">2018-12-17</subfield>
    <subfield code="p">35416</subfield>
    <subfield code="r">2018-12-17</subfield>
    <subfield code="w">2018-12-17</subfield>
    <subfield code="y">BK</subfield>
    <subfield code="z">01-01</subfield>
  </datafield>
  <datafield tag="952" ind1=" " ind2=" ">
    <subfield code="0">0</subfield>
    <subfield code="1">0</subfield>
    <subfield code="4">0</subfield>
    <subfield code="7">0</subfield>
    <subfield code="9">57758</subfield>
    <subfield code="d">2018-12-17</subfield>
    <subfield code="p">35417</subfield>
    <subfield code="r">2018-12-17</subfield>
    <subfield code="w">2018-12-17</subfield>
    <subfield code="y">BK</subfield>
  </datafield>
</record>
